Forsthoffer's rotating equipment handbooks: reliability optimization through component condition monitoring and root cause analysis, Vol. 5 (Record no. 2063)

000 -LEADER
fixed length control field 00567nam a22001457a 4500
008 - FIXED-LENGTH DATA ELEMENTS--GENERAL INFORMATION
fixed length control field 200212b ||||| |||| 00| 0 eng d
020 ## - INTERNATIONAL STANDARD BOOK NUMBER
International Standard Book Number 1856174719
100 ## - MAIN ENTRY--PERSONAL NAME
9 (RLIN) 1656
Personal name Forsthoffer, William E.
245 10 - TITLE STATEMENT
Title Forsthoffer's rotating equipment handbooks: reliability optimization through component condition monitoring and root cause analysis, Vol. 5
260 ## - PUBLICATION, DISTRIBUTION, ETC. (IMPRINT)
Place of publication, distribution, etc Oxford
Name of publisher, distributor, etc Elsevier
Date of publication, distribution, etc 2005
300 ## - PHYSICAL DESCRIPTION
Extent xiii,486p.
490 0# - SERIES STATEMENT
Series statement Forsthoffers rotating equipment handbook
Volume number/sequential designation Vol. 5
650 #0 - SUBJECT ADDED ENTRY--TOPICAL TERM
Topical term or geographic name as entry element Turbomachine
General subdivision Mechanical Engineering
942 ## - ADDED ENTRY ELEMENTS (KOHA)
Item type Books
Holdings
Withdrawn status Lost status Source of classification or shelving scheme Damaged status Not for loan Permanent location Current location Date acquired Source of acquisition Full call number Barcode Date last seen Koha item type
          IMU Kolkata IMU Kolkata 2006-05-26 Shankars Book Agency 621.406 F734 09622 2020-02-12 Books
Designed and Maintained by IMU-KC Library, Kolkata Campus © Copyright All Rights Reserved

webs counters

Powered by Koha